[Event "Tashkent FIDE GP 2014"]
[Site "Tashkent UZB"]
[Date "2014.10.31"]
[Round "9.6"]
[White "Karjakin, Sergey"]
[Black "Nakamura, Hikaru"]
[Result "1/2-1/2"]
[WhiteTitle "GM"]
[BlackTitle "GM"]
[WhiteElo "2767"]
[BlackElo "2764"]
[WhiteFideId "14109603"]
[BlackFideId "2016192"]
[EventDate "2014.10.21"]

1. c4 Nf6 2. Nc3 g6 3. d4 Bg7 4. e4 d6 5. Nf3 O-O 6. h3 e5 7. d5 Nh5 8. g3 Na6
9. Be3 ({Relevant:} 9. Be2 f5 10. exf5 gxf5 11. Bg5 Nf6 12. Nd2 Qe8 13. Nb3 Qg6
14. Qd2 Nb4 15. f4 h6 16. Bh4 exf4 17. gxf4 Qg2 18. O-O-O Ne4 19. Nxe4 Qxe4 20.
Rdg1 Nxa2+ 21. Kd1 Qb1+ 22. Nc1 Bd7 23. Bd3 Ba4+ 24. b3 Qxc1+ 25. Qxc1 Bxb3+
26. Qc2 Bxc2+ 27. Bxc2 Nc3+ 28. Kd2 Ne4+ 29. Bxe4 fxe4 30. Ke3 Kh7 31. Kxe4 a5
32. Rg2 a4 33. Rb1 a3 34. Ra2 Ra4 {0-1 (34) Bachmann,A (2644)-Giri,A (2745)
Tromsoe 2014}) 9... f5 10. exf5 gxf5 11. Ng5 Qe8 12. Be2 Nf6 13. Qd2 {"Very
unclear game, maybe it's easy to see with a computer." Karjakin.} Qg6 $146 ({
Predecessor (2):} 13... Bd7 14. O-O-O Nc5 15. g4 b6 16. Rdg1 Kh8 17. Bd1 h6 18.
Ne6 Bxe6 19. dxe6 f4 20. Bxc5 dxc5 21. Bf3 Rd8 22. Qe2 Qxe6 23. g5 hxg5 24.
Rxg5 e4 25. Nxe4 Nxe4 26. Qxe4 Qxe4 27. Bxe4 Bh6 28. Rg6 Rd6 29. Rxd6 cxd6 30.
Rg1 Bg7 31. f3 Rf6 32. Rg6 Rxg6 {1/2-1/2 (32) Le,T (2318)-Ju,W (2500) China
2010}) (13... Qe7 {"I think Qe7 is the correct move actually." Nakamura.}) 14.
O-O-O Bd7 15. h4 (15. f4 {was considered by Karjakin.} Rae8 16. h4 exf4 (16...
h5 {Nakamura's suggestion doesn't see right.} 17. fxe5 Rxe5 {Which the players
agreed was unclear but the computer doesn't like for black at all.} 18. Bd4 Re7
19. Rhf1) 17. gxf4 Ng4 18. Bg1 Nc5 {with sufficient play for black.}) 15... Ng4
{"When I played Ng4 I thought I was completely fine but in the game it turned
out I had problems." Nakamura.} (15... h5 16. f3 Rae8 17. Bd3 (17. Qc2 e4 18.
Bd4 b6) (17. Nb5 $5 e4) 17... e4) 16. h5 Qe8 17. Bxg4 (17. h6 Bf6 18. Bxg4 fxg4
) 17... fxg4 18. Qe2 $5 {Karjakin thought this was interesting with the idea
of Rh4.} (18. a3) 18... h6 19. Nge4 Qf7 $6 (19... b6 {Nakamura thinks he
should have tried this.} 20. Rh4 Qc8 21. Qd2 (21. Rf1 Nc5 22. Nxc5 (22. Bxc5
bxc5 23. f3 gxf3 24. Rxf3 Rxf3 25. Qxf3 Qf8 $11) 22... bxc5) 21... Kh7 22. Qc2
Kg8 23. Qd2 {maybe with a draw by repetition in a different way.}) 20. a3 {
"Somehow it gets very, very tricky." Nakamura.} Bf5 21. Rh4 Qd7 (21... b6) 22.
Qd2 {With 20 minutes left and no clear plan Karjakin takes the draw.} (22. b4 {
"Here b4 was critical" Karjakin and Nakamura echoed the statement.} Nb8 23. c5)
22... Kh7 23. Qc2 Kh8 24. Qd2 Kh7 25. Qc2 Kh8 26. Qd2 1/2-1/2